Lovecký salám alebo Lovecká saláma

Saved in:
Bibliographic Details
Main Author: Donovalová, Alena, 1986-
Format: Book Chapter
Language:Slovak
Subjects:
Tags: Add Tag
No Tags, Be the first to tag this record!

MARC

LEADER 00000nla a2200000 4500
001 0228778
005 20240502073750.5
041 0 |a slo 
044 |a SK 
245 1 0 |a Lovecký salám alebo Lovecká saláma  |c Alena Donovalová 
610 2 0 |a potraviny 
610 2 0 |a mäso 
610 2 0 |a pôvod tovaru 
610 2 0 |a označovanie tovarov 
610 2 0 |a značky výrobkov 
610 2 0 |a regióny 
610 2 0 |a Slovensko 
610 2 0 |a výroba 
610 2 0 |a kvalita výrobkov 
610 2 0 |a história 
100 1 |a Donovalová, Alena, 1986-